01401 a2200181 45000010006000000050017000060080041000230030015000640400040000790800076001192450096001952640043002913000019003345050789003531000024011427000029011667000024011952880220260407155557.0260407a1979 arg spa dAR-UNSa-BCEJYS aAR-UNSa-BCEJYSbspacAR-UNSa-BCEJYS a657.23xCompensaciones. Correcciones. Ajustes (devaluación monetaria)10aAjuste por inflación contable e impositivopcontable(indexación)-impositivo(ley 21.894) 1aBuenos Aires :bEdiciones Macchic1979 a623 p.c23 cm. aParte I: Ajuste por inflación - contable(indexación):1. ¿A que se tiende en contabilidad? - 2. ¿Que problemas origina la inflación en la información contable? - 3. ¿Que soluciones ha proporcionado la doctrina? - 4. ¿Cómo se fundamenta y en que consiste la indexación de estados contables? - 5. ¿Que otros aspectos se vinculan con la indexación de estados contables? - 6. Aplicación práctica( método integral)- 7. Método simplifcado para la indexación de estados contables - Parte II: Ajuste por inflación - Impositivo (ley Nº 21.894): 1. Análisis de las normas legales y reglamentarias - 2. Comparaciones esquematicas del ajuste impositivo con el método de indexación total - 3. El tratamiento de las ganancias por exposición a la inflación. 1 aLuppi, Hugo Alberto1 aLópez Santiso, Horacio1 aPanagi, Luis Andres